| 000 | 00494nam a2200157Ia 4500 | ||
|---|---|---|---|
| 008 | 151213s9999 xx 000 0 und d | ||
| 100 | _aO. C. Ferrell, John Freadrich , Linda Frrell | ||
| 245 |
_aBusiness Ethics, Ethical Decision Making and Causes _cO. C. Ferrell, John Freadrich , Linda Frrell |
||
| 250 | _a6th | ||
| 260 |
_aNew Delhi _bBiztantra |
||
| 300 | _a4936 p. | ||
| 650 | _aBusiness | ||
| 650 | _aBusiness | ||
| 700 | _aO. C. Ferrell, John Freadrich , Linda Frrell | ||
| 999 |
_c3094 _d3094 |
||